| 000 | 00649nam a2200193 a 4500 | ||
|---|---|---|---|
| 005 | 20140412111324.0 | ||
| 008 | 000829s19uu xx 00 eng d | ||
| 020 | _a0-86272-948-3 | ||
| 050 |
_aREF 030 _bW872 1999 |
||
| 100 | _aStott, Carole | ||
| 245 |
_aI wonder why stars twinkle : _band other questions about space / _cCarole Stott. |
||
| 260 |
_aDanbury, Connecticut : _bGrolier Inc, _c1999. |
||
| 300 | _a32 p. | ||
| 440 | _aI wonder why | ||
| 500 | _aIncludes index | ||
| 520 | _aWith information and quirky facts to explain everything from 'How many starts are there?' to 'How hot is the Sun?'. | ||
| 650 | _aScience | ||
| 999 |
_c104540 _d104540 |
||